000 03932nam a22003257a 4500
001 8908
003 FISKH
005 20251031095851.0
008 251031b cb ||||| |||| 00| 0 eng d
020 _a9789995001834
040 _aFISKH
_bkhr
_cFISKH
_dFISKH
050 _aPZ7
082 _a595.7
100 _aRalin, Sok
245 _aជីងចក់និងពីងពាង /
_cអ្នកនិពន្ធ លោក សុខ រ៉ាលីន , អ្នករៀបរៀង លោក អ៊ាន ភាង និង លោកស្រី ងួន សាកល​
250 _aបោះពុម្ពលើកទី១ ឆ្នាំ​ ២០១៣
260 _aភ្នំពេញ :
_bគ្រឹះស្ថានបោះពុម្ពនិងចែកផ្សាយ​​ ,
_c២០១៣ .
300 _a8​​​ pages :
_bcolor illustrations ;
_c17 x 17 cm .
490 _aរឿងនិទានអប់រំសម្រាប់កុមារ​
505 _aP
520 _aសត្វជីងចក់និងពីងពាងរកសុីចូលគ្នាក្រោមដំបូលផ្ទះតែមួយ ។​ ក្រោយមកសត្វទាំង២ក៏មានកូនចៅរៀងខ្លួន ពីងពាងក៏មានគំនិតចង់អោយរកសុីបែកគ្នា ដោយសារតែជីងចក់មានកូនច្រើន​ ។​ ពីមួយថ្ងៃទៅមួយថ្ងៃកូនជីងចក់ស្គមទៅៗ មេជីងចក់ក៏អង្វរសុំចែកចំណិអាហារតែពីងពាងបែរជាស្តីបន្ទោសទៅវិញ ។​ នាល្ងាចមួយមានភ្លៀងធ្លាក់ខ្លាំងធ្វើអោយដាច់សម្បុកពីងពាង ពីងពាងគ្មានទីជំរកក៏មកសុំជីងចក់ស្នាក់នៅ ។​ មេពីងពាងបានចាត់កូនចៅអោយធ្វើសម្បុកសាជាថ្មី ។ ធ្វើមិនទាន់រួចផងក៏មានអំបោសដងវែង មកវ័ធពីក្រោយខ្នង ។ គ្រួសារពីងពាងធ្លាក់ពេញដី​ខ្លះបាក់ដៃ បាក់ជើង ។ ឃើញដូចនេះក្រុមគ្រួសារជីងចក់បានជួយសង្គ្រោះនិងផ្តល់កន្លែងស្នាក់នៅម្តងទៀត ។​
520 _aThe grasshopper and the spider lived together under the same roof, sharing their food. Later on, both animals had their own offspring. The spider began to think that they should live separately because the grasshopper had too many children. As days went by, the grasshopper’s children became thinner and thinner. The mother grasshopper begged the spider to share some food, but instead of helping, the spider scolded her harshly. One evening, there was a heavy rainstorm that destroyed the spider’s web. Having no shelter, the spider came to ask the grasshopper for a place to stay. The mother spider then ordered her children to rebuild their web. Before they could finish, a long-tailed lizard came from behind and swept them away. The spider family fell to the ground—some broke their legs, some their arms. Seeing this, the grasshopper’s family came to help them, offering food and shelter once again.
521 8 _a650
_bLexile estimate
521 8 _aP
_bRaz-Plus
650 _aជីងចក់និងពីងពាង
_vរឿងនិទានកុមារ​
650 _aLizard and spider
_vChildren's Stories
700 _aPuthvisal, Prom
_eIllustrator
942 _2ddc
_cKHB
_n0
999 _c8908
_d8908